Návrh aplikácie pre transformáciu súradníc pre použitie v robotickej 3D tlači

Gespeichert in:
Bibliographische Detailangaben
1. Verfasser: Sabitov, Dmytro (Verfasst von)
Weitere Verfasser: Ďuďák, Juraj (Betreuung Doktorarbeit)
Format: Manuskript Buch
Sprache:Slowakisch
Veröffentlicht: 2025
Schlagworte:
Online-Zugang:http://is.stuba.sk/zp/portal_zp.pl?podrobnosti=179622
Tags: Tag hinzufügen
Keine Tags, Fügen Sie das erste Tag hinzu!

MARC

LEADER 00000ntm a22000003a 4500
001 stuzp104030
003 SK-STU
005 20250628211122.1
007 ta
008 150427s2015----xo-----f-mn---000-0-slo-d
040 |a STU  |b slo 
041 0 |a slo 
100 1 |a Sabitov, Dmytro  |u 066000  |4 aut  |U MTF Materiálovotechnologická fakulta  |T MTF Ústav aplikovanej informatiky, automatizácie a mechatroniky  |X 123249  |U M6000  |Y 86  |7 123249 
242 0 1 |a Design of a coordinate transformation application for use in robotic 3D printing  |y eng 
245 1 0 |a Návrh aplikácie pre transformáciu súradníc pre použitie v robotickej 3D tlači 
260 |c 2025 
650 4 |a Rapid Code  |2 slo 
650 4 |a Python  |2 slo 
650 4 |a Súradnice  |2 slo 
650 4 |a Roboty  |2 slo 
650 4 |a G-Code  |2 slo 
650 4 |a Python  |2 eng 
650 4 |a G-Code  |2 eng 
650 4 |a Robots  |2 eng 
650 4 |a Coordinates  |2 eng 
650 4 |a Rapid Code  |2 eng 
700 1 |a Ďuďák, Juraj  |u 066000  |k Z1  |4 ths  |U MTF Materiálovotechnologická fakulta  |T MTF Ústav aplikovanej informatiky, automatizácie a mechatroniky  |X 53397  |U M6000  |Y 86  |7 A000053397 
856 4 |u http://is.stuba.sk/zp/portal_zp.pl?podrobnosti=179622 
996 |c M* BP-10010  |l MMSKP  |s P  |a 0  |w stuzp104030_0001